00464nam a2200085Ia 4500008004100000245002500041300025300066650000900319856005000328170517s9999 xx 000 0 und d 4aThe Genius of Design aDocumentary series exploring the history of design. The first episode of this new series tells the fascinating story of the birth of industrial design. Alongside the celebrated names, from Wedgwood to William Morris, it also explores the work of... xArt. uhttp://topdocumentaryfilms.com/genius-design/